000
00309nam a2200121Ia 4500
005
20260328104257.0
008
260328s9999||||xx |||||||||||||| ||und||
100
_a
Le Corbusier
245
0
_a
Le Corbusier en el Río de Plata ,1929 /
_c
Le Corbusier
260
_b
Cedodal
650
_a
ARQUITECTOS
942
_c
BK
999
_c
10465
_d
10465